[Event "Solingen Karneval op"]
[Site "Solingen"]
[Date "2015.02.15"]
[Round "4"]
[White "Krueger, Till"]
[Black "Sewald, Kathrin"]
[Result "1-0"]
[WhiteElo "1973"]
[BlackElo "1542"]
[PlyCount "213"]
[EventDate "2015.02.13"]
[EventType "swiss"]
[EventRounds "5"]
[EventCountry "GER"]
[SourceTitle "EXT 2016"]
[Source "ChessBase"]
[SourceDate "2015.10.08"]
[SourceVersion "1"]
[SourceVersionDate "2015.10.08"]
[SourceQuality "1"]

1. c4 e5 2. Nc3 f5 3. g3 Nf6 4. Bg2 c6 5. d4 e4 6. Bg5 h6 7. Bxf6 Qxf6 8. e3 b6 9. Nge2 Ba6 10. b3 g5 11. a3 g4 12. Nf4 d6 13. h4 h5 14. d5 Qxc3+ 15. Kf1 c5 16. Rc1 Qg7 17. Qc2 Bc8 18. Ke2 Qf7 19. Kd2 Bg7 20. Rhd1 Be5 21. Re1 Qf6 22. Rb1 a5 23. Re2 Na6 24. Ke1 Bd7 25. Kf1 Kf7 26. Ree1 Kg7 27. Kg1 Kh6 28. a4 Nb4 29. Qe2 Rhe8 30. Bf1 Bxf4 31. exf4 Re7 32. Qd2 Rae8 33. Re3 Qd4 34. Rd1 Bc8 35. Qc1 Qg7 36. Qd2 Bb7 37. Be2 Ra8 38. Re1 Bc8 39. Kh2 Bd7 40. Bf1 Be8 41. Kg2 Bf7 42. Be2 Rea7 43. Bf1 Rd7 44. Rd1 Qg8 45. Qc3 Qg6 46. Qd2 Qf6 47. Qc1 b5 48. cxb5 Nxd5 49. Ree1 Nb6 50. Qd2 Bxb3 51. Ra1 Bd5 52. Kh2 Qd4 53. Qc2 Qf6 54. Red1 Be6 55. Rab1 c4 56. Rbc1 d5 57. Qa2 Rc8 58. Qa3 Qe7 59. Qc3 Nxa4 60. Qxa5 Ra7 61. Qd2 Qg7 62. Ra1 c3 63. Qc2 Nb2 64. b6 Raa8 65. Rxa8 Rxa8 66. Rc1 Rb8 67. Qb3 Qf6 68. Qb4 d4 69. Qd6 Rd8 70. Qc7 Bd5 71. b7 Bxb7 72. Qxb7 Qd6 73. Ra1 c2 74. Qxb2 d3 75. Ra7 Qd4 76. Ra6+ Kh7 77. Qb7+ Rd7 78. Qb5 Qd5 79. Qb6 Qd6 80. Qb5 Qxa6 81. Qxa6 c1Q 82. Qe6 Qc7 83. Qxf5+ Kh8 84. Qxh5+ Kg7 85. Qxg4+ Kf8 86. Qf5+ Rf7 87. Qxe4 Qa7 88. Kg2 Qb7 89. Bxd3 Qxe4+ 90. Bxe4 Kg7 91. f3 Rc7 92. g4 Rd7 93. Kg3 Rd1 94. f5 Rg1+ 95. Kf4 Kf6 96. g5+ Kf7 97. Bd5+ Kf8 98. h5 Rd1 99. Be4 Rh1 100. h6 Rh4+ 101. Ke5 Kf7 102. Bd5+ Ke7 103. f6+ Kf8 104. g6 Rh5+ 105. Ke6 Kg8 106. f7+ Kf8 107. g7# 1-0

[Event "Heusenstamm Schloss op 1st"]
[Site "Heusenstamm"]
[Date "2014.11.23"]
[Round "6"]
[White "Krueger, Till"]
[Black "Von Rahden, Arvid"]
[Result "0-1"]
[WhiteElo "2016"]
[BlackElo "2190"]
[PlyCount "106"]
[EventDate "2014.11.20"]
[EventType "swiss"]
[EventRounds "7"]
[EventCountry "GER"]
[SourceTitle "CBM 163 Extra"]
[Source "ChessBase"]
[SourceDate "2014.12.23"]
[SourceVersion "1"]
[SourceVersionDate "2014.12.23"]
[SourceQuality "1"]

1. e4 d5 2. exd5 Qxd5 3. Nc3 Qa5 4. d4 c6 5. Bc4 Bf5 6. Nge2 e6 7. 0-0 Bd6 8. Ng3 Nf6 9. Bd2 Bg6 10. Nb5 Bb4 11. Nd6+ Kf8 12. Nxb7 Qb6 13. Nc5 Bxc5 14. dxc5 Qxc5 15. Bb3 Nbd7 16. Be3 Qe5 17. Qd2 Nd5 18. Rfe1 Qc7 19. Rad1 h5 20. h4 N7f6 21. Bc5+ Kg8 22. c4 Nb6 23. Qg5 Kh7 24. Bd6 Qb7 25. Rd4 Nbd7 26. c5 a5 27. Qd2 Rhe8 28. Bd1 e5 29. Rc4 e4 30. f4 exf3 31. Bxf3 Rxe1+ 32. Qxe1 Qxb2 33. Bxc6 Re8 34. Qd1 Ne5 35. Bxe8 Nxc4 36. Bc6 Nxd6 37. Qxd6 Qb1+ 38. Nf1 Bd3 39. Qf4 Qxa2 40. Bf3 Qa1 41. Bb7 Bxf1 42. Qxf1 Qxf1+ 43. Kxf1 a4 44. Ba6 a3 45. Bc4 Ne4 46. Bxf7 Nxc5 47. Ke2 Ne4 48. Kd3 Nd6 49. Ba2 Nf5 50. Bd5 Nxh4 51. Be4+ Kh6 52. Kc2 Kg5 53. g3 Nf5 0-1

[Event "Heusenstamm Schloss op 1st"]
[Site "Heusenstamm"]
[Date "2014.11.20"]
[Round "1"]
[White "Krueger, Till"]
[Black "Wendel, Joachim"]
[Result "1-0"]
[WhiteElo "2016"]
[BlackElo "1331"]
[PlyCount "85"]
[EventDate "2014.11.20"]
[EventType "swiss"]
[EventRounds "7"]
[EventCountry "GER"]
[SourceTitle "CBM 163 Extra"]
[Source "ChessBase"]
[SourceDate "2014.12.23"]
[SourceVersion "1"]
[SourceVersionDate "2014.12.23"]
[SourceQuality "1"]

1. e4 e5 2. Nc3 Nf6 3. Nf3 Nc6 4. d4 exd4 5. Nxd4 d6 6. Bb5 Bd7 7. Nf3 Be7 8. 0-0 0-0 9. Re1 Bg4 10. Bxc6 bxc6 11. Qd3 Bxf3 12. Qxf3 Rb8 13. b3 Re8 14. Be3 c5 15. Rad1 Qc8 16. h3 Qa6 17. Bf4 Nd7 18. Nd5 Rbc8 19. a4 c4 20. Qe2 Nb6 21. Nb4 Qb7 22. a5 d5 23. Na2 cxb3 24. cxb3 Na8 25. Rxd5 Qxb3 26. Rb5 Qe6 27. Nc3 c6 28. Rb7 Bc5 29. Be3 Qe5 30. Qc4 Be7 31. Rxa7 Nc7 32. Rc1 Nb5 33. Nxb5 cxb5 34. Qxc8 Rxc8 35. Rxc8+ Bf8 36. Raa8 Qa1+ 37. Kh2 h6 38. Rxf8+ Kh7 39. Rxf7 Qe5+ 40. g3 Qxe4 41. Raa7 Kg6 42. Rxg7+ Kh5 43. Ra6 1-0

[Event "Karl Mala Memorial op-A 17th"]
[Site "Frankfurt"]
[Date "2014.08.02"]
[Round "5"]
[White "Krueger, Till"]
[Black "Vassilev, Martin"]
[Result "1/2-1/2"]
[WhiteElo "2030"]
[BlackElo "1867"]
[PlyCount "158"]
[EventDate "2014.07.31"]
[EventType "swiss"]
[EventRounds "7"]
[EventCountry "GER"]
[SourceTitle "EXT 2015"]
[Source "ChessBase"]
[SourceDate "2014.11.20"]
[SourceVersion "1"]
[SourceVersionDate "2014.11.20"]
[SourceQuality "1"]

1. e4 e6 2. d4 d5 3. e5 c5 4. c3 Nc6 5. Be3 Nge7 6. Nf3 cxd4 7. cxd4 Qb6 8. Qd2 Nf5 9. Nc3 a6 10. Bd3 Bb4 11. Rc1 Bxc3 12. Rxc3 Bd7 13. 0-0 Rc8 14. Bb1 h6 15. b4 Ke7 16. a3 Na7 17. Rc5 Nxe3 18. fxe3 Rxc5 19. dxc5 Qc7 20. Qf2 Bb5 21. Rd1 Rd8 22. Qg3 Kf8 23. Rd4 f5 24. Rh4 Qe7 25. Rd4 Be8 26. Qf2 Nc6 27. Rd1 Bh5 28. Qg3 Bxf3 29. gxf3 Qg5 30. Kf2 Qxg3+ 31. hxg3 Nxe5 32. a4 Ke7 33. Ke2 Nc6 34. b5 axb5 35. axb5 Ne5 36. e4 dxe4 37. fxe4 Rxd1 38. Kxd1 g6 39. Ke2 Nd7 40. c6 bxc6 41. bxc6 Ne5 42. c7 Kd7 43. Ba2 Kxc7 44. Bxe6 fxe4 45. Ke3 Kd6 46. Bb3 Nd3 47. Bf7 Ne5 48. Ba2 Ke7 49. Kxe4 Kf6 50. Kf4 g5+ 51. Ke3 Kf5 52. Kf2 Nd3+ 53. Kf3 Ne5+ 54. Kg2 Ke4 55. Bb1+ Ke3 56. Ba2 Nd3 57. Bd5 Nb4 58. Bb7 Nd3 59. Bc6 Ne5 60. Bb7 Nf7 61. Bd5 Nd6 62. Bc6 Nf5 63. Bf3 Kd4 64. Bh5 Ke4 65. Bf3+ Ke3 66. Bg4 Nd6 67. Bf3 Nf7 68. Bh5 Ne5 69. Be8 g4 70. Bh5 Ke2 71. Be8 Nf3 72. Bc6 Ke3 73. Bd5 h5 74. Bf7 Ne1+ 75. Kg1 Nf3+ 76. Kg2 Ne1+ 77. Kg1 Kf3 78. Bxh5 Kxg3 79. Bxg4 Kxg4 1/2-1/2